[Event "Thüringenliga 2013/2014"]
[Site "?"]
[Date "2013.09.15"]
[Round "1"]
[White "Carnot, Luca"]
[Black "Kirste, Olaf"]
[Result "1/2-1/2"]
[WhiteElo "1495"]
[BlackElo "1883"]
[PlyCount "125"]
[EventDate "2013.??.??"]
[WhiteTeam "TSG Apolda"]
[BlackTeam "ESV Lok Sömmerda"]

1. Nf3 g6 2. g3 Bg7 3. Bg2 Nf6 4. O-O O-O 5. d4 c6 6. c3 d6 7. Nbd2 Qc7 8. e4
Nbd7 9. Re1 e5 10. dxe5 dxe5 11. Qc2 Nh5 12. Nc4 Re8 13. Be3 Bf8 14. Rad1 Nb6
15. Nxb6 axb6 16. a3 b5 17. Rd2 f6 18. Red1 Be6 19. Bf1 Qf7 20. Qc1 Bb3 21. Rd7
Re7 22. Rxe7 Qxe7 23. Rd2 Qe6 24. Be2 Be7 25. Bd1 Bc4 26. Kg2 Rd8 27. Rxd8+
Bxd8 28. Qd2 Qe7 29. Be2 Be6 30. Bc5 Qc7 31. Qd6 Qxd6 32. Bxd6 Ng7 33. Bc5 Ne8
34. Nd2 b6 35. Be3 Nd6 36. f3 Kf7 37. Kf2 Nc4 38. Nxc4 bxc4 39. Ke1 Ke7 40. g4
g5 41. h3 Kd6 42. Kd2 b5 43. Bd1 c5 44. Kc2 Kc6 45. Be2 Be7 46. Bd2 Kb6 47. Bf1
Ka5 48. Be2 b4 49. axb4+ cxb4 50. cxb4+ Bxb4 51. Bc3 Bf7 52. Kd2 Kb5 53. b3 Kc5
54. Bxb4+ Kxb4 55. bxc4 Bxc4 56. Bxc4 Kxc4 57. Kc2 Kb4 58. Kb2 Kc4 59. Kc2 Kd4
60. Kd2 h6 61. Ke2 Kc3 62. Ke3 Kc2 63. Ke2 1/2-1/2

[Event "Thüringenliga 2013/2014"]
[Site "?"]
[Date "2013.09.15"]
[Round "1"]
[White "Vogel, Alfred"]
[Black "Krug, Klaus-Peter"]
[Result "0-1"]
[WhiteElo "1828"]
[BlackElo "1832"]
[PlyCount "82"]
[EventDate "2013.??.??"]
[WhiteTeam "ESV Lok Sömmerda"]
[BlackTeam "TSG Apolda"]

1. e4 c5 2. Nc3 Nc6 3. g3 g6 4. Bg2 Bg7 5. d3 e6 6. f4 Nge7 7. Nf3 d5 8. e5 Qc7
9. a4 a6 10. Ne2 Nf5 11. g4 Nfd4 12. Ng3 f6 13. Nxd4 cxd4 14. exf6 Bxf6 15. h4
Bd7 16. f5 Qd6 17. Ne2 exf5 18. Bf4 Be5 19. Qd2 fxg4 20. Bg5 h6 21. Bxh6 Bg3+
22. Nxg3 Qxg3+ 23. Kd1 Rxh6 24. Qxh6 O-O-O 25. Bxd5 Nb4 26. Be4 Qf2 27. Qd2 Qf8
28. Ke2 g3 29. Raf1 Bg4+ 30. Ke1 Qc5 31. c3 Nxd3+ 32. Qxd3 dxc3 33. Bxb7+ Kxb7
34. Rf7+ Kc6 35. Qxa6+ Kd5 36. Qb7+ Ke6 37. Qb3+ Qd5 38. Rf6+ Kxf6 39. Qxc3+
Qe5+ 40. Qxe5+ Kxe5 41. Kf1 Rd2 0-1

[Event "Thüringenliga 2013/2014"]
[Site "?"]
[Date "2013.09.15"]
[Round "1"]
[White "Kottwitz, Daniel"]
[Black "Pähtz, Thomas"]
[Result "0-1"]
[WhiteElo "1913"]
[BlackElo "2327"]
[PlyCount "50"]
[EventDate "2013.??.??"]
[WhiteTeam "Schachzirkel Elstertal Langenberg"]
[BlackTeam "Ilmenauer SV"]

1. e4 g6 2. d4 Bg7 3. Nf3 d6 4. Bc4 Nf6 5. Qe2 O-O 6. Nc3 Bg4 7. e5 Ne8 8. e6
f5 9. Bd2 Nc6 10. d5 Nd4 11. Qd3 Bxf3 12. gxf3 c6 13. O-O-O b5 14. Bb3 b4 15.
Ne2 Nxb3+ 16. Qxb3 cxd5 17. Qxd5 Nf6 18. Qc4 Qb6 19. Be3 Qb7 20. Nd4 Rfc8 21.
Qd3 Rc5 22. Rdg1 Rac8 23. h4 Nh5 24. Kb1 f4 25. Bc1 Rd5 0-1

[Event "Thüringenliga 2013/2014"]
[Site "?"]
[Date "2013.09.15"]
[Round "1"]
[White "Zehnter, Sebastian"]
[Black "Sobolevsky, Leonid"]
[Result "0-1"]
[WhiteElo "2199"]
[BlackElo "2115"]
[PlyCount "70"]
[EventDate "2013.??.??"]
[WhiteTeam "Ilmenauer SV"]
[BlackTeam "Schachzirkel Elstertal Langenberg"]

1. e4 e5 2. f4 exf4 3. Nc3 Qh4+ 4. Ke2 Nc6 5. Nf3 Qh5 6. d4 g5 7. Nd5 Kd8 8.
Kf2 Bg7 9. c3 Nf6 10. Nxf6 Bxf6 11. e5 Be7 12. Be2 g4 13. Ne1 d6 14. Bxf4 dxe5
15. dxe5+ Ke8 16. Nd3 Bf5 17. h3 Bxd3 18. Qxd3 g3+ 19. Bxg3 Bc5+ 20. Ke1 Qg5
21. h4 Qe7 22. Qe4 Rd8 23. Rf1 Rg8 24. Rf3 Rg7 25. Rd1 Bd6 26. Bb5 Kf8 27. Qe2
Rxg3 28. Rxg3 Nxe5 29. Rh3 a6 30. Ba4 b5 31. Bb3 Re8 32. Kf1 Bc5 33. g3 Qf6+
34. Kg2 Nc4 35. Qd3 Ne3+ 0-1

[Event "Thüringenliga 2013/2014"]
[Site "?"]
[Date "2013.09.15"]
[Round "1"]
[White "Watzke, Birger"]
[Black "Mehlhorn, Uwe"]
[Result "1/2-1/2"]
[WhiteElo "2146"]
[BlackElo "2090"]
[PlyCount "66"]
[EventDate "2013.??.??"]
[WhiteTeam "Schachzirkel Elstertal Langenberg"]
[BlackTeam "Ilmenauer SV"]

1. c4 g6 2. g3 Bg7 3. Bg2 c5 4. Nf3 Nc6 5. O-O e5 6. Nc3 Nge7 7. Rb1 O-O 8. a3
a5 9. d3 d6 10. b3 Rb8 11. Ne1 Be6 12. Bg5 h6 13. Bd2 Kh7 14. Nd5 b5 15. Nc2 b4
16. axb4 axb4 17. e3 Bd7 18. Bc1 Nxd5 19. cxd5 Na7 20. Bb2 Nb5 21. d4 Qb6 22.
dxc5 dxc5 23. e4 Nd6 24. Ne3 Bb5 25. Re1 Rfe8 26. Qc2 Rbc8 27. Bf1 Bd7 28. Nc4
Nxc4 29. Bxc4 h5 30. Ra1 Ra8 31. Rxa8 Rxa8 32. Ra1 Ra5 33. Qb1 Qa7 1/2-1/2

[Event "Thüringenliga 2013/2014"]
[Site "?"]
[Date "2013.09.15"]
[Round "1"]
[White "Rempel, Patrick"]
[Black "Streit, Michael"]
[Result "0-1"]
[WhiteElo "2016"]
[BlackElo "1911"]
[PlyCount "84"]
[EventDate "2013.??.??"]
[WhiteTeam "Ilmenauer SV"]
[BlackTeam "Schachzirkel Elstertal Langenberg"]

1. Nf3 Nc6 2. d4 e6 3. e4 d5 4. e5 f5 5. Be2 Nge7 6. h4 Bd7 7. h5 Nc8 8. Rh3
Nb6 9. Nc3 Na5 10. a3 Be7 11. Rg3 O-O 12. Bh6 Rf7 13. Ng5 Bxg5 14. Bxg5 Qf8 15.
Bf6 Kh8 16. h6 gxf6 17. Qd2 Nac4 18. Qf4 fxe5 19. dxe5 Nxb2 20. Bh5 Re7 21. Qh4
Be8 22. Be2 Bg6 23. Rb1 N2c4 24. Nb5 a6 25. Nd4 Nxe5 26. Rxb6 cxb6 27. Re3 Ng4
28. Bxg4 fxg4 29. Nxe6 Qf7 30. Qxg4 Qf6 31. Nf4 Rxe3+ 32. fxe3 Qc3+ 33. Ke2
Qxc2+ 34. Kf1 Bd3+ 35. Kg1 Rg8 36. Qe6 Qb2 37. Qxd5 Bb5 38. Qxb7 Qc1+ 39. Kh2
Qxe3 40. Qf7 Qg3+ 41. Kg1 Qg5 42. Qc7 Qc5+ 0-1

[Event "Thüringenliga 2013/2014"]
[Site "?"]
[Date "2013.09.15"]
[Round "1"]
[White "Streit, Jürgen"]
[Black "Falk, Kristoffer"]
[Result "0-1"]
[WhiteElo "1743"]
[BlackElo "1865"]
[PlyCount "56"]
[EventDate "2013.??.??"]
[WhiteTeam "Schachzirkel Elstertal Langenberg"]
[BlackTeam "Ilmenauer SV"]

1. e4 c5 2. Nf3 e6 3. d4 cxd4 4. Nxd4 Nc6 5. Nc3 Qc7 6. g3 a6 7. Bg2 Nf6 8. O-O
Be7 9. a4 Rb8 10. Be3 Na5 11. Qe2 O-O 12. Bf4 d6 13. e5 Ne8 14. Rfd1 Nc4 15.
exd6 Bxd6 16. Bc1 Be7 17. b3 Ncd6 18. Bb2 Nf6 19. Re1 Re8 20. Rad1 Bd7 21. Qd3
Rbd8 22. Qe2 Bf8 23. Qe5 Qb6 24. Nce2 Bxa4 25. bxa4 Nc4 26. Qf4 e5 27. Qf3 Nxb2
28. Rb1 exd4 0-1

[Event "Thüringenliga 2013/2014"]
[Site "?"]
[Date "2013.09.15"]
[Round "1"]
[White "Schenk, Stefan"]
[Black "Schaudin, Andreas"]
[Result "0-1"]
[WhiteElo "1897"]
[BlackElo "1650"]
[PlyCount "154"]
[EventDate "2013.??.??"]
[WhiteTeam "Ilmenauer SV"]
[BlackTeam "Schachzirkel Elstertal Langenberg"]

1. e4 c6 2. d4 d5 3. e5 Bf5 4. Nf3 e6 5. Be2 h6 6. O-O Nd7 7. Be3 Qb6 8. b3 Ne7
9. c4 Bh7 10. c5 Qc7 11. Nbd2 Nf5 12. Bf4 g5 13. Be3 Be7 14. g4 Nxe3 15. fxe3
O-O 16. Rf2 f6 17. exf6 Bxf6 18. Nf1 Rae8 19. Bd3 Bxd3 20. Qxd3 Nxc5 21. Qg6+
Qg7 22. Qxg7+ Bxg7 23. Ng3 Nd7 24. Rc1 Rf7 25. Kg2 Ref8 26. b4 a6 27. h3 Nb6
28. Re1 Nc4 29. Nf1 e5 30. Ree2 e4 31. N3d2 Rxf2+ 32. Rxf2 Rxf2+ 33. Kxf2 Na3
34. Nb3 b6 35. Ng3 Bf8 36. Nf5 Kh7 37. Ke2 Bxb4 38. Kd1 Bf8 39. Ke2 Kg6 40. Kd1
h5 41. Nd2 h4 42. Kc1 Kf6 43. Kb2 Nb5 44. Kb3 Ke6 45. Nb1 Kd7 46. a4 Nc7 47.
Nc3 a5 48. Nb1 Na6 49. Nc3 Nb4 50. Nb1 Nd3 51. Kc3 Nf2 52. Kd2 b5 53. Ke2 Nd3
54. Nc3 b4 55. Nd1 Kc7 56. Kd2 Kb6 57. Kc2 Ne1+ 58. Kd2 Nf3+ 59. Ke2 c5 60.
dxc5+ Kxc5 61. Nb2 b3 62. Kd1 Kb4 63. Kc1 Ka3 64. Kb1 Ng1 65. Nd4 Bg7 66. Nb5+
Kb4 67. Nc7 Bxb2 68. Kxb2 Nxh3 69. Nxd5+ Kxa4 70. Nc3+ Kb4 71. Nxe4 a4 72. Kb1
Kc4 73. Kb2 Kd3 74. Nc5+ Kxe3 75. Nxa4 Kf4 76. Kxb3 Kxg4 77. Kc2 Nf2 0-1

[Event "Thüringenliga 2013/2014"]
[Site "?"]
[Date "2013.09.15"]
[Round "1"]
[White "Janisch, Manfred"]
[Black "Ortlepp, Steffen"]
[Result "1/2-1/2"]
[WhiteElo "1741"]
[BlackElo "1842"]
[PlyCount "49"]
[EventDate "2013.??.??"]
[WhiteTeam "Schachzirkel Elstertal Langenberg"]
[BlackTeam "Ilmenauer SV"]

1. c4 Nf6 2. d4 g6 3. Nc3 d5 4. e3 Bg7 5. Nf3 O-O 6. Be2 dxc4 7. Bxc4 c5 8. O-O
Bg4 9. Be2 cxd4 10. exd4 e6 11. h3 Bxf3 12. Bxf3 Nc6 13. Be3 Rc8 14. Qa4 Nd5
15. Nxd5 exd5 16. Rfd1 Qd7 17. Rac1 Rfd8 18. Bg4 f5 19. Bf3 Bf8 20. Re1 Qf7 21.
Rcd1 a6 22. Bg5 Re8 23. Qb3 Rxe1+ 24. Rxe1 Nxd4 25. Qxd5 1/2-1/2

[Event "Thüringenliga 2013/2014"]
[Site "?"]
[Date "2013.09.15"]
[Round "1"]
[White "Müller, Julian"]
[Black "Gölles, Michael"]
[Result "1-0"]
[WhiteElo "1709"]
[BlackElo "1541"]
[PlyCount "123"]
[EventDate "2013.??.??"]
[WhiteTeam "Ilmenauer SV"]
[BlackTeam "Schachzirkel Elstertal Langenberg"]

1. e4 e6 2. d4 d5 3. Nc3 Bb4 4. e5 c5 5. a3 cxd4 6. Qxd4 Nc6 7. Qd3 Bxc3+ 8.
Qxc3 d4 9. Qg3 Qa5+ 10. Bd2 Qxe5+ 11. Qxe5 Nxe5 12. f4 Nc6 13. Nf3 Nge7 14.
O-O-O a6 15. Be1 Nf5 16. Bf2 Ne3 17. Bxe3 dxe3 18. Bc4 O-O 19. Rhe1 Rd8 20.
Rxd8+ Nxd8 21. Rxe3 Kf8 22. Ne5 f6 23. Nf3 Ke7 24. Nd4 Kd6 25. Ba2 b5 26. Rg3
Ra7 27. b4 Re7 28. Rd3 Kc7 29. Rc3+ Kb7 30. Nb3 Bd7 31. Nc5+ Kb6 32. Rd3 Kc6
33. Nxa6 h6 34. Nb8+ Kc7 35. Nxd7 Rxd7 36. Rxd7+ Kxd7 37. Kd2 g5 38. g3 Kd6 39.
Kd3 Nc6 40. c4 bxc4+ 41. Bxc4 f5 42. Bb5 Na7 43. a4 e5 44. fxe5+ Kxe5 45. Bd7
f4 46. gxf4+ gxf4 47. b5 Kd6 48. Be8 Kc7 49. Ke4 f3 50. Kxf3 Nc8 51. Kg4 Nd6
52. Bg6 Kb6 53. Bd3 Ka5 54. Bc2 Nc4 55. Kh5 Ne3 56. Be4 Nf1 57. Bd3 Ne3 58. h3
Nd5 59. Kxh6 Kxa4 60. Kg5 Ka5 61. h4 Ne7 62. h5 1-0

[Event "Thüringenliga 2013/2014"]
[Site "?"]
[Date "2013.09.15"]
[Round "1"]
[White "Casper, Thomas"]
[Black "Siebarth, Raiko"]
[Result "1/2-1/2"]
[WhiteElo "2346"]
[BlackElo "2249"]
[PlyCount "35"]
[EventDate "2013.??.??"]
[WhiteTeam "Erfurter Schachklub"]
[BlackTeam "SG Blau-Weiß Stadtilm"]

1. e4 e5 2. Bc4 Nf6 3. d3 Bc5 4. Nc3 d6 5. h3 Be6 6. Bb3 Nc6 7. Nge2 h6 8. Ng3
Qd7 9. Be3 Bb6 10. O-O O-O-O 11. Bxb6 axb6 12. f4 Nd4 13. Nce2 Nxe2+ 14. Qxe2
exf4 15. Rxf4 Rhe8 16. Nh5 Nxh5 17. Qxh5 f6 18. Bxe6 1/2-1/2

[Event "Thüringenliga 2013/2014"]
[Site "?"]
[Date "2013.09.15"]
[Round "1"]
[White "Schneider, Christian"]
[Black "Heinzel, Olaf"]
[Result "1/2-1/2"]
[WhiteElo "2186"]
[BlackElo "2378"]
[PlyCount "42"]
[EventDate "2013.??.??"]
[WhiteTeam "SG Blau-Weiß Stadtilm"]
[BlackTeam "Erfurter Schachklub"]

1. e4 d5 2. exd5 Qxd5 3. Nc3 Qa5 4. d4 c6 5. Bc4 Nf6 6. Nf3 Bg4 7. h3 Bxf3 8.
Qxf3 e6 9. O-O Nbd7 10. a3 Bd6 11. Ne4 Nxe4 12. Qxe4 Nf6 13. Qe2 O-O 14. c3 Qh5
15. Qxh5 Nxh5 16. Be2 Nf4 17. Bxf4 Bxf4 18. Bf3 Rfd8 19. Rfd1 Kf8 20. Kf1 Rd7
21. Ke2 Rad8 1/2-1/2

[Event "Thüringenliga 2013/2014"]
[Site "?"]
[Date "2013.09.15"]
[Round "1"]
[White "Brüggemann, Joachim"]
[Black "Siebarth, Marco"]
[Result "1/2-1/2"]
[WhiteElo "2238"]
[BlackElo "1977"]
[PlyCount "108"]
[EventDate "2013.??.??"]
[WhiteTeam "Erfurter Schachklub"]
[BlackTeam "SG Blau-Weiß Stadtilm"]

1. e4 e5 2. Nf3 Nf6 3. Nxe5 d6 4. Nf3 Nxe4 5. Nc3 Nf6 6. d4 d5 7. Bg5 Be7 8.
Bd3 h6 9. Bf4 c6 10. h3 b6 11. O-O O-O 12. Re1 Nbd7 13. Qd2 Re8 14. Ne5 Bb7 15.
Re2 Bf8 16. Rae1 Nxe5 17. Bxe5 Nd7 18. Bf4 Rxe2 19. Nxe2 g5 20. Bh2 Qf6 21. Ng3
Bd6 22. Nf5 Bxh2+ 23. Kxh2 Nf8 24. Qb4 Bc8 25. Qe7 Qxe7 26. Nxe7+ Kg7 27. Nxc6
Ne6 28. c3 Bb7 29. Ne5 Re8 30. g3 Nc7 31. Kg2 f6 32. Nf3 Rxe1 33. Nxe1 Ne8 34.
Kf3 Nd6 35. h4 Bc8 36. Ng2 f5 37. hxg5 hxg5 38. Ne3 Be6 39. b3 Kf6 40. c4 dxc4
41. bxc4 Nf7 42. Nc2 b5 43. cxb5 Bxa2 44. Nb4 Be6 45. Ke3 Nd6 46. d5 Bd7 47.
Nc6 Bxc6 48. dxc6 Ke5 49. f4+ gxf4+ 50. gxf4+ Kd5 51. Kd2 Kc5 52. Kc3 Ne8 53.
Kb3 Nc7 54. Bxf5 Nxb5 1/2-1/2

[Event "Thüringenliga 2013/2014"]
[Site "?"]
[Date "2013.09.15"]
[Round "1"]
[White "George, Tom"]
[Black "Troyke, Christian"]
[Result "0-1"]
[WhiteElo "1858"]
[BlackElo "2262"]
[PlyCount "58"]
[EventDate "2013.??.??"]
[WhiteTeam "SG Blau-Weiß Stadtilm"]
[BlackTeam "Erfurter Schachklub"]

1. e4 c5 2. Nf3 Nc6 3. Bb5 g6 4. O-O Bg7 5. Re1 Nf6 6. e5 Nd5 7. c4 Nc7 8. Bxc6
dxc6 9. d4 Bg4 10. Be3 Bxf3 11. gxf3 cxd4 12. Qxd4 Qxd4 13. Bxd4 Ne6 14. Bc3
O-O-O 15. Nd2 Rd3 16. Re3 Rhd8 17. Ne4 R3d7 18. Bb4 b6 19. Bc3 Bh6 20. Ree1 Nf4
21. a4 Rd3 22. a5 Kb7 23. axb6 axb6 24. c5 b5 25. Ba5 Ra8 26. Bb6 Nd5 27. Rxa8
Kxa8 28. Ra1+ Kb8 29. Kg2 Bf4 0-1

[Event "Thüringenliga 2013/2014"]
[Site "?"]
[Date "2013.09.15"]
[Round "1"]
[White "Steinacker, Alex"]
[Black "Berner, Stephan"]
[Result "1/2-1/2"]
[WhiteElo "2140"]
[BlackElo "1875"]
[PlyCount "46"]
[EventDate "2013.??.??"]
[WhiteTeam "Erfurter Schachklub"]
[BlackTeam "SG Blau-Weiß Stadtilm"]

1. c4 c6 2. Nf3 d5 3. b3 Nf6 4. Bb2 e6 5. g3 Nbd7 6. Bg2 Bd6 7. O-O e5 8. d3
O-O 9. a3 Re8 10. b4 Nf8 11. e3 h6 12. Qb3 Ng6 13. Nc3 Be6 14. Nd2 Bc7 15. Qc2
Rc8 16. Rfd1 Qe7 17. Rac1 Red8 18. Qa4 a6 19. cxd5 cxd5 20. d4 e4 21. b5 a5 22.
Qb3 b6 23. Na4 Bd7 1/2-1/2

[Event "Thüringenliga 2013/2014"]
[Site "?"]
[Date "2013.09.15"]
[Round "1"]
[White "Schröter, Maik"]
[Black "Duzy, Stefan"]
[Result "0-1"]
[WhiteElo "1736"]
[BlackElo "1899"]
[PlyCount "66"]
[EventDate "2013.??.??"]
[WhiteTeam "SG Blau-Weiß Stadtilm"]
[BlackTeam "Erfurter Schachklub"]

1. Nf3 Nf6 2. b3 g6 3. Bb2 Bg7 4. e3 O-O 5. d4 c5 6. Nbd2 d5 7. Bd3 Qc7 8. O-O
b6 9. c4 dxc4 10. Nxc4 Bb7 11. Nce5 Nbd7 12. Bc4 Rad8 13. Nxf7 Rxf7 14. Bxf7+
Kxf7 15. Ng5+ Kg8 16. Ne6 Qc6 17. d5 Qc8 18. Nxd8 Qxd8 19. Qc2 Bxd5 20. Rad1
Qa8 21. g3 e5 22. e4 Be6 23. Rd6 Qe8 24. Rfd1 Bf8 25. R6d3 b5 26. Bxe5 Nxe5 27.
Rd8 Qe7 28. f4 Nc6 29. R8d6 Nd4 30. Qxc5 Qxd6 31. Qxd6 Bxd6 32. Kf1 Bc5 33. b4
Bc4+ 0-1

[Event "Thüringenliga 2013/2014"]
[Site "?"]
[Date "2013.09.15"]
[Round "1"]
[White "Schneider, Thomas"]
[Black "Mann, Jonas"]
[Result "1-0"]
[WhiteElo "1864"]
[BlackElo "1584"]
[PlyCount "53"]
[EventDate "2013.??.??"]
[WhiteTeam "Erfurter Schachklub"]
[BlackTeam "SG Blau-Weiß Stadtilm"]

1. d4 Nf6 2. c4 g6 3. Nc3 Bg7 4. e4 d6 5. Be2 O-O 6. Bg5 Nbd7 7. Qd2 c6 8. Bh6
e5 9. Bxg7 Kxg7 10. h4 exd4 11. Qxd4 Qb6 12. O-O-O Re8 13. f3 Re6 14. Nh3 Nc5
15. Nf4 a5 16. Nxe6+ Bxe6 17. g4 a4 18. g5 a3 19. Qxf6+ Kg8 20. Nb1 Nb3+ 21.
Kc2 Na1+ 22. Kd2 axb2 23. h5 Qb4+ 24. Qc3 Qc5 25. f4 Ra4 26. hxg6 fxg6 27. Rxh7
1-0

[Event "Thüringenliga 2013/2014"]
[Site "?"]
[Date "2013.09.15"]
[Round "1"]
[White "Schmidt, Daniel"]
[Black "Troyke, Doreen"]
[Result "0-1"]
[WhiteElo "1743"]
[BlackElo "1980"]
[PlyCount "100"]
[EventDate "2013.??.??"]
[WhiteTeam "SG Blau-Weiß Stadtilm"]
[BlackTeam "Erfurter Schachklub"]

1. c4 e6 2. d4 d5 3. e3 Nf6 4. Nc3 Be7 5. Nf3 O-O 6. b3 c6 7. Bd3 Nbd7 8. O-O
b6 9. Qc2 h6 10. Bb2 Bb7 11. Ne2 Rc8 12. Rac1 c5 13. Nd2 Re8 14. Qb1 Bd6 15.
cxd5 Nxd5 16. Nc4 Bb8 17. Be4 N7f6 18. Bf3 cxd4 19. Bxd4 e5 20. Bxd5 Qxd5 21.
e4 Nxe4 22. Ne3 Qe6 23. Bc3 Red8 24. Qb2 Nxc3 25. Nxc3 e4 26. Ne2 f5 27. Rxc8
Qxc8 28. Rc1 Qe6 29. Rd1 Rxd1+ 30. Nxd1 Qd6 31. Ne3 Qxh2+ 32. Kf1 Qh1+ 33. Ng1
Ba6+ 34. Nc4 Bh2 35. Qd4 Qxg1+ 36. Ke2 Qxg2 37. Qd5+ Kh8 38. Qa8+ Kh7 39. Qxa7
Qf3+ 40. Ke1 Bxc4 41. bxc4 Qc3+ 42. Kf1 Qxc4+ 43. Kg2 Bc7 44. Qb7 Qc5 45. a4
Qe5 46. Kf1 Qc5 47. Kg2 Be5 48. Qd7 Bd4 49. f3 e3 50. Qe6 Qe5 0-1

[Event "Thüringenliga 2013/2014"]
[Site "?"]
[Date "2013.09.15"]
[Round "1"]
[White "Recknagel, Michael"]
[Black "Philipp, Michael"]
[Result "1-0"]
[WhiteElo "2167"]
[BlackElo "1971"]
[PlyCount "81"]
[EventDate "2013.??.??"]
[WhiteTeam "SC Suhl"]
[BlackTeam "SSV Vimaria 91 Weimar"]

1. e4 e5 2. Nc3 Nc6 3. g3 Bc5 4. Bg2 Nf6 5. d3 O-O 6. Nge2 Ng4 7. O-O f5 8. Na4
Bb6 9. Nxb6 axb6 10. h3 Nh6 11. Bxh6 gxh6 12. exf5 Rxf5 13. d4 Qe7 14. dxe5
Rxe5 15. Nf4 d6 16. Nd5 Qg7 17. f4 Re8 18. Qh5 Rf8 19. Rae1 Bf5 20. Ne3 Qg6 21.
Qh4 Bxc2 22. Nxc2 Qxc2 23. Qxh6 Qg6 24. Qxg6+ hxg6 25. a3 Rfe8 26. Kf2 Kf8 27.
Rxe8+ Rxe8 28. Re1 Na5 29. Rxe8+ Kxe8 30. Bd5 Nc6 31. h4 Ke7 32. Ke3 Nd8 33. g4
c6 34. Be4 Kf6 35. g5+ Kg7 36. f5 gxf5 37. Bxf5 Nf7 38. Kf4 b5 39. h5 Nxg5 40.
Kxg5 c5 41. Be6 1-0

[Event "Thüringenliga 2013/2014"]
[Site "?"]
[Date "2013.09.15"]
[Round "1"]
[White "Albrecht, Jürgen"]
[Black "Silberschlag, Jörg"]
[Result "1/2-1/2"]
[WhiteElo "2053"]
[BlackElo "2098"]
[PlyCount "80"]
[EventDate "2013.??.??"]
[WhiteTeam "SSV Vimaria 91 Weimar"]
[BlackTeam "SC Suhl"]

1. e4 c5 2. Nf3 d6 3. d4 cxd4 4. Nxd4 Nf6 5. Nc3 e5 6. Bb5+ Bd7 7. Bxd7+ Qxd7
8. Nde2 Qc6 9. O-O Nxe4 10. Nxe4 Qxe4 11. Nc3 Qc6 12. Nd5 Nd7 13. Bg5 Nb6 14.
c4 Nxd5 15. cxd5 Qd7 16. f4 f6 17. Bh4 Kf7 18. Qh5+ Kg8 19. f5 Be7 20. Rac1 Bd8
21. Rc4 Qf7 22. Qf3 h6 23. Bf2 Kh7 24. Rfc1 Re8 25. a4 Re7 26. Qe4 Qe8 27. g4
Bb6 28. Bxb6 axb6 29. b3 b5 30. axb5 Qxb5 31. g5 Qb6+ 32. Kh1 Qxb3 33. R4c3 Qb5
34. g6+ Kg8 35. Rb1 Qa5 36. Qc4 Rae8 37. Rcb3 e4 38. Rxb7 Rxb7 39. Rxb7 Qe1+
40. Kg2 Qd2+ 1/2-1/2

[Event "Thüringenliga 2013/2014"]
[Site "?"]
[Date "2013.09.15"]
[Round "1"]
[White "Berghof, Axel"]
[Black "Mysliwiec, Jörg"]
[Result "0-1"]
[WhiteElo "2023"]
[BlackElo "2059"]
[PlyCount "110"]
[EventDate "2013.??.??"]
[WhiteTeam "SC Suhl"]
[BlackTeam "SSV Vimaria 91 Weimar"]

1. e4 c6 2. d4 d5 3. e5 c5 4. c3 Nc6 5. Nf3 Bg4 6. h3 Bxf3 7. Qxf3 cxd4 8. Bb5
dxc3 9. Nxc3 e6 10. O-O a6 11. Ba4 Nge7 12. Bf4 Ng6 13. Rac1 Be7 14. Ne2 Rc8
15. Nd4 Nxf4 16. Nxc6 bxc6 17. Qxf4 Qb6 18. Rxc6 Rxc6 19. Rc1 O-O 20. Rxc6 Qxb2
21. Bb3 a5 22. Rc2 Qa3 23. Qa4 Qxa4 24. Bxa4 Rb8 25. Bd7 g5 26. f3 Ba3 27. g3
Rb7 28. Bc8 Rb4 29. Kg2 Kg7 30. Bd7 Kg6 31. Be8 Rb7 32. Ba4 Bb2 33. Re2 Rb4 34.
Bc2+ Kg7 35. Bb3 Bd4 36. f4 gxf4 37. gxf4 a4 38. Bd1 Bb2 39. Kf3 Bc1 40. Rg2+
Kf8 41. Rg4 Re4 42. Rh4 h6 43. Bc2 Rc4 44. Bd3 Rd4 45. Bc2 Ke7 46. Rg4 Rc4 47.
Bd3 Rc3 48. Ke2 Ra3 49. Bb1 Rxh3 50. f5 exf5 51. Rxa4 Ke6 52. Ra6+ Kxe5 53. a4
f4 54. a5 f3+ 55. Kf2 Kd4 0-1

[Event "Thüringenliga 2013/2014"]
[Site "?"]
[Date "2013.09.15"]
[Round "1"]
[White "Günther, Andreas"]
[Black "Feld-Gerdes, Wolfgang"]
[Result "1-0"]
[WhiteElo "2094"]
[BlackElo "2011"]
[PlyCount "79"]
[EventDate "2013.??.??"]
[WhiteTeam "SSV Vimaria 91 Weimar"]
[BlackTeam "SC Suhl"]

1. d4 Nf6 2. Nf3 e6 3. e3 c5 4. Bd3 d5 5. b3 Be7 6. Bb2 O-O 7. O-O b6 8. Qe2
Bb7 9. Nbd2 Nbd7 10. Ne5 Nxe5 11. dxe5 Nd7 12. Qg4 Qc8 13. f4 f5 14. exf6 Nxf6
15. Qh3 g6 16. Rad1 a6 17. c4 b5 18. Nf3 dxc4 19. bxc4 Bxf3 20. Qxf3 Rb8 21.
Qe2 Qc6 22. Be5 Rb7 23. Rb1 b4 24. Qc2 Rd7 25. Bxg6 Rfd8 26. Bxh7+ Kf8 27. Qg6
Rd2 28. Bxf6 Bxf6 29. Qxf6+ Ke8 30. Qg6+ Kd7 31. Rbd1 Kc7 32. Qg4 a5 33. f5
exf5 34. Bxf5 Qd6 35. Rxd2 Qxd2 36. Qg3+ Kb6 37. Be4 Rd6 38. Bd5 Rxd5 39. Qb8+
Kc6 40. cxd5+ 1-0

[Event "Thüringenliga 2013/2014"]
[Site "?"]
[Date "2013.09.15"]
[Round "1"]
[White "Koch, Stefan"]
[Black "Riedel, Finn"]
[Result "1/2-1/2"]
[WhiteElo "1889"]
[BlackElo "1980"]
[PlyCount "47"]
[EventDate "2013.??.??"]
[WhiteTeam "SC Suhl"]
[BlackTeam "SSV Vimaria 91 Weimar"]

1. e4 e5 2. Nf3 Nf6 3. Nc3 Bb4 4. d3 Nc6 5. Bd2 d6 6. Be2 O-O 7. O-O Ne7 8. Bg5
Bxc3 9. bxc3 Ng6 10. Nh4 h6 11. Nxg6 fxg6 12. Bd2 g5 13. c4 Be6 14. Rb1 b6 15.
c3 Qe8 16. Qc2 Nh5 17. Bxh5 Qxh5 18. Qd1 Bg4 19. f3 Be6 20. Qe2 Qf7 21. Be3 Kh7
22. Rb4 a5 23. Rbb1 Qg8 24. Qc2 1/2-1/2

[Event "Thüringenliga 2013/2014"]
[Site "?"]
[Date "2013.09.15"]
[Round "1"]
[White "Rensch, Toralf"]
[Black "Fuhrmann, Christian"]
[Result "1/2-1/2"]
[WhiteElo "1982"]
[BlackElo "1798"]
[PlyCount "33"]
[EventDate "2013.??.??"]
[WhiteTeam "SSV Vimaria 91 Weimar"]
[BlackTeam "SC Suhl"]

1. e4 c5 2. Nf3 d6 3. Bb5+ Nc6 4. O-O Bd7 5. d3 g6 6. c3 Bg7 7. Re1 Nf6 8. d4
Qb6 9. Bxc6 Bxc6 10. d5 Bd7 11. e5 dxe5 12. Nxe5 Rd8 13. Nc4 Qa6 14. Ne3 O-O
15. c4 e6 16. Nc3 exd5 17. cxd5 1/2-1/2

[Event "Thüringenliga 2013/2014"]
[Site "?"]
[Date "2013.09.15"]
[Round "1"]
[White "Will, Ralph"]
[Black "Gräf, Michael"]
[Result "1/2-1/2"]
[WhiteElo "1749"]
[BlackElo "1844"]
[PlyCount "140"]
[EventDate "2013.??.??"]
[WhiteTeam "SC Suhl"]
[BlackTeam "SSV Vimaria 91 Weimar"]

1. d4 Nf6 2. c4 e6 3. Nf3 b6 4. g3 Bb7 5. Bg2 Bb4+ 6. Bd2 Bxd2+ 7. Qxd2 O-O 8.
O-O Ne4 9. Qc2 f5 10. e3 Nc6 11. a3 d5 12. b4 Rc8 13. Nbd2 Ne7 14. Ne5 c5 15.
bxc5 bxc5 16. Rab1 Ba8 17. dxc5 Rxc5 18. Nb3 Rc8 19. c5 Qc7 20. Nd3 e5 21. Rfc1
Ng6 22. f4 exf4 23. exf4 Rfe8 24. Nd4 Qf7 25. Nb5 a6 26. Nd4 Qf6 27. Qa4 Bc6
28. Nxc6 Qxc6 29. Qd4 Ne7 30. Rb6 Qa8 31. Ne5 Red8 32. c6 Qa7 33. Bxe4 fxe4 34.
Qb4 Rc7 35. Kg2 a5 36. Qb5 Rdc8 37. a4 h6 38. Rb1 Kh7 39. Kh3 e3 40. Rb7 Qd4
41. Rxc7 Rxc7 42. Qxa5 Rxc6 43. Nxc6 Nxc6 44. Qb5 Qe4 45. Re1 d4 46. Qc5 Ne7
47. a5 e2 48. Qc4 Qf5+ 49. g4 Qxa5 50. Rxe2 Qa3+ 51. Kg2 Qd6 52. Qd3+ Kg8 53.
Re4 Nc6 54. h4 Qb4 55. h5 Kf7 56. Re2 Qd6 57. Qe4 Ne7 58. f5 d3 59. Rd2 Nd5 60.
Kf3 Nb4 61. Qc4+ Kf6 62. Qc3+ Kf7 63. Rb2 Nd5 64. Qd4 Qc6 65. Kf2 Nc3 66. Qa7+
Kg8 67. Rb7 Qf6 68. Ke3 Nd5+ 69. Kxd3 Qc3+ 70. Ke4 Nf6+ 1/2-1/2

[Event "Thüringenliga 2013/2014"]
[Site "?"]
[Date "2013.09.15"]
[Round "1"]
[White "Latka, Robert"]
[Black "Müller, Bernd"]
[Result "1-0"]
[WhiteElo "1719"]
[BlackElo "1721"]
[PlyCount "45"]
[EventDate "2013.??.??"]
[WhiteTeam "SSV Vimaria 91 Weimar"]
[BlackTeam "SC Suhl"]

1. e4 d5 2. exd5 Qxd5 3. Nc3 Qa5 4. d4 Nf6 5. Bd2 Bg4 6. f3 Bf5 7. Bc4 c6 8. g4
Bg6 9. f4 h6 10. f5 Bh7 11. Qe2 Qb6 12. Nf3 Nxg4 13. h3 Nf6 14. Ne5 Bg8 15.
O-O-O Qxd4 16. Bg5 Qb6 17. Bxf6 gxf6 18. Nxf7 Bxf7 19. Bxf7+ Kxf7 20. Qh5+ Kg8
21. Rhg1+ Bg7 22. Qe8+ Kh7 23. Qg6+ 1-0